خند ۂ گول / (Record no. 190898)

MARC details
000 -LEADER
fixed length control field 00628nam a22001937a 4500
005 - DATE AND TIME OF LATEST TRANSACTION
control field 20220810113156.0
010 ## - LCCN (DPL NO)
LC control number UR-11666
020 ## - INTERNATIONAL STANDARD BOOK NUMBER
International Standard Book Number 9789394616066
Terms of availability 250.00
035 ## - SYSTEM CONTROL NUMBER
System control number U-10221
037 ## - SOURCE OF ACQUISITION
Source of stock number/acquisition DBAD/PUB
Stock number -
082 ## - DEWEY DECIMAL CLASSIFICATION NUMBER
Classification number 841
100 ## - MAIN ENTRY--PERSONAL NAME
Personal name احمد مختار قاصر
245 ## - TITLE STATEMENT
Title خند ۂ گول /
Statement of responsibility, etc احمد مختار قاصر
Medium ا ر د و
246 ## - VARYING FORM OF TITLE
Title proper/short title Khanda-E-Gul /
Remainder of title by Ahmad Mukhtar Qasir
260 ## - PUBLICATION, DISTRIBUTION, ETC. (IMPRINT)
Place of publication, distribution, etc New Delhi
Name of publisher, distributor, etc Educational Publishing House
Date of publication, distribution, etc 2022 ء
270 ## - ADDRESS
Address H.O.D1/16, Ansari Road, Darya Ganj
City New Delhi
Postal code 110002
300 ## - PHYSICAL DESCRIPTION
Extent 138 ص
Dimensions 23cm(Hb)
942 ## - ADDED ENTRY ELEMENTS (KOHA)
Source of classification or shelving scheme Dewey Decimal Classification
Item type Urdu Bks
Classification part 841
Call number suffix ا ح م
Holdings
Withdrawn status Lost status Not for loan Collection code Home library Current library Date acquired Source of acquisition Cost, normal purchase price Full call number Barcode Copy number Cost, replacement price Koha item type
      Non-fiction Central Library Central Library 10/08/2022 DBAD/PUB 250.00 841 ا ح م U-10221 1 250.00 Urdu Bks

© Delhi Public Library
Hit Counter
free hit counter